[Event "Santiago de Chile op"]
[Site "Santiago de Chile"]
[Date "2011.09.16"]
[Round "5"]
[White "Gillibrand, Winston"]
[Black "Matamala, Emiliano"]
[Result "1-0"]
[WhiteElo "1909"]
[BlackElo "1808"]
[PlyCount "111"]
[EventDate "2011.09.07"]
[EventType "swiss"]
[EventRounds "9"]
[EventCountry "CHI"]
[SourceTitle "EXT 2012"]
[Source "ChessBase"]
[SourceDate "2011.11.24"]
[SourceVersion "1"]
[SourceVersionDate "2011.11.24"]
[SourceQuality "1"]

1. e4 c5 2. f4 Nc6 3. Nf3 d6 4. h3 a6 5. c4 Nd4 6. d3 Nf6 7. Nxd4 cxd4 8. g4 e5 9. Bg2 Be7 10. 0-0 Qc7 11. Qf3 0-0 12. f5 h6 13. Nd2 Rb8 14. Qg3 Nh7 15. Nf3 b5 16. b3 Qd8 17. h4 f6 18. Kh2 Bd7 19. Rg1 Kf7 20. Bf1 Rh8 21. Be2 Nf8 22. Kg2 Bc6 23. Kf2 Qb6 24. Kf1 Nd7 25. g5 Rbg8 26. Ne1 h5 27. g6+ Ke8 28. Rg2 Qa5 29. Bd1 Bd8 30. Rc2 Nc5 31. Bd2 b4 32. Rb2 Qa3 33. Rab1 Qa5 34. Nc2 Qb6 35. Nxb4 Bxe4 36. dxe4 Nxe4 37. Qd3 Nc5 38. Qe2 Kd7 39. Nd5 Qc6 40. Bc2 Re8 41. b4 d3 42. Bxd3 Nxd3 43. Qxd3 e4 44. Qd4 Re5 45. Ne3 Bb6 46. c5 Ba7 47. Rc2 d5 48. Be1 Qb5+ 49. Kg2 Kc6 50. Bg3 Rhe8 51. Rd2 a5 52. a3 a4 53. Rbd1 Qb8 54. Nc4 Qd8 55. Bxe5 fxe5 56. Nxe5+ 1-0

[Event "Santiago de Chile op"]
[Site "Santiago de Chile"]
[Date "2011.09.07"]
[Round "1"]
[White "Stevens, Tristan"]
[Black "Gillibrand, Winston"]
[Result "1-0"]
[WhiteElo "2128"]
[BlackElo "1909"]
[PlyCount "29"]
[EventDate "2011.09.07"]
[EventType "swiss"]
[EventRounds "9"]
[EventCountry "CHI"]
[SourceTitle "EXT 2012"]
[Source "ChessBase"]
[SourceDate "2011.11.24"]
[SourceVersion "1"]
[SourceVersionDate "2011.11.24"]
[SourceQuality "1"]

1. e4 c6 2. Nc3 e6 3. d4 d5 4. e5 c5 5. f4 g6 6. Nf3 Nc6 7. Be3 cxd4 8. Nxd4 a6 9. Na4 Nxd4 10. Qxd4 b5 11. Nb6 Rb8 12. a4 b4 13. a5 Nh6 14. Qd3 Bb7 15. Qb5+ 1-0